Logótipos da Marca #3 - Statistics

Estatísticas Gerais
  • Esse quiz foi jogado 759 vezes
  • A pontuação média é 13 de 20
Estatísticas das Respostas
Imagem Resposta % Correto
Gmail
99%
Instagram
99%
Lacoste
98%
LG
98%
McDonald's
98%
Motorola
95%
Bic
92%
Mastercard
91%
Gatorade
86%
Chanel
80%
Converse
66%
Unilever
53%
Wendy's
53%
Knorr
48%
Kodak
45%
T-Mobile
33%
SEAT
32%
Bacardi
24%
Lufthansa
22%
Barclays
13%
Nenhum quiz correspondente encontrado
Distribuição das Pontuações
Porcentagem de Pessoas com Cada Pontuação
Percentil de Números Respondidos
Sua Pontuação Histórica
Você não jogou esse quiz